000 00754nam a2200253 i 4500
001 bg
100 1 _aGOODRICH, Michael T.
245 1 0 _aData structures and algorithms in Java /
_cMichael T. Goodrich, Roberto Tamassia.
260 _aNew York [etc.] :
_bJohn Wiley,
_ccop.1998.
300 _aXVIII, 738 s. :
_brys. ;
_c24 cm +
_eCD ROM.
490 1 _aWorldwide Series in Computer Science
504 _aIndeks.
650 9 _aJava (język programowania)
655 _aPodręczniki
700 1 _aTAMASSIA, Roberto
830 _aWorldwide Series in Computer Science
020 _a0471193089
040 _cBPK
041 0 _aeng
080 _a004.438(07)
920 _a0-471-19308-9
942 _cKS
008 s pl f |000 0 pol
999 _c46125
_d46125
856 _uhttp://koha.tu.koszalin.pl/cgi-bin/koha/opac-detail.pl?biblionumber=46125
_yKatalog online BPK